[Event "FRA-ch op-A"]
[Site "Pau"]
[Date "2008.08.14"]
[Round "3"]
[White "Bressac, Stephane"]
[Black "Lamberti, Hugo"]
[Result "1/2-1/2"]
[WhiteElo "2028"]
[BlackElo "2101"]
[PlyCount "68"]
[EventDate "2008.08.11"]
[EventType "swiss"]
[EventRounds "9"]
[EventCountry "FRA"]
[SourceTitle "CBM 126 Extra"]
[Source "ChessBase"]
[SourceDate "2008.11.05"]
[SourceVersion "1"]
[SourceVersionDate "2008.11.05"]
[SourceQuality "1"]

1. e4 e6 2. d4 d5 3. Nc3 Nf6 4. Bg5 Be7 5. e5 Nfd7 6. Bxe7 Qxe7 7. f4 a6 8. Nf3 c5 9. Qd2 Nc6 10. dxc5 Qxc5 11. 0-0-0 g6 12. Kb1 Nb6 13. Bd3 Bd7 14. g4 0-0-0 15. f5 exf5 16. gxf5 gxf5 17. Qf4 Qb4 18. Qxb4 Nxb4 19. Nd4 Nc4 20. Rde1 Rhe8 21. Bxc4 dxc4 22. Rhf1 Nc6 23. Nxc6 Bxc6 24. Rxf5 Re7 25. Kc1 Rde8 26. Ne4 Bxe4 27. Rxe4 b5 28. Kd2 Kd7 29. Ke3 f6 30. Rxf6 Rxe5 31. Rxe5 Rxe5+ 32. Kd4 Re2 33. Kc3 Rxh2 34. Rxa6 Kc7 1/2-1/2

[Event "Marseille op"]
[Site "Marseille"]
[Date "2007.12.30"]
[Round "7"]
[White "Lamberti, Hugo"]
[Black "Buscara, Sevan"]
[Result "0-1"]
[WhiteElo "2070"]
[BlackElo "2111"]
[PlyCount "84"]
[EventDate "2007.12.27"]
[EventType "swiss"]
[EventRounds "9"]
[EventCountry "FRA"]
[SourceTitle "CBM 122 Extra"]
[Source "ChessBase"]
[SourceDate "2008.03.04"]
[SourceVersion "1"]
[SourceVersionDate "2008.03.04"]
[SourceQuality "1"]

1. e4 d6 2. d4 Nf6 3. Nc3 Nbd7 4. f4 e5 5. Nf3 exd4 6. Qxd4 c6 7. Bc4 d5 8. exd5 Bc5 9. Qd3 0-0 10. dxc6 bxc6 11. h3 Re8+ 12. Ne2 Ne4 13. Be3 Qb6 14. Bd4 Nd6 15. Bb3 Ba6 16. c4 Nxc4 17. Bxc4 Bxd4 18. Qxd4 Qxd4 19. Nfxd4 Bxc4 20. Rc1 Nb6 21. b3 Rad8 22. Rd1 c5 23. bxc4 cxd4 24. Rd3 Nxc4 25. Kf2 Re3 26. Rxe3 dxe3+ 27. Kf3 Rd3 28. Rc1 Nd2+ 29. Kg4 g6 30. Rc3 h5+ 31. Kh4 Rxc3 32. Nxc3 Ne4 33. Ne2 Kg7 34. g4 hxg4 35. hxg4 Kf6 36. Kh3 Ke6 37. Kg2 Nd2 38. Kg3 Kd5 39. f5 g5 40. Ng1 Ke4 41. Nh3 Nf3 42. a4 e2 0-1

[Event "Marseille op"]
[Site "Marseille"]
[Date "2007.12.27"]
[Round "1"]
[White "Lamberti, Hugo"]
[Black "Boudre, Jean Pierre"]
[Result "0-1"]
[WhiteElo "2070"]
[BlackElo "2331"]
[PlyCount "92"]
[EventDate "2007.12.27"]
[EventType "swiss"]
[EventRounds "9"]
[EventCountry "FRA"]
[SourceTitle "CBM 122 Extra"]
[Source "ChessBase"]
[SourceDate "2008.03.04"]
[SourceVersion "1"]
[SourceVersionDate "2008.03.04"]
[SourceQuality "1"]

1. e4 e5 2. Nf3 Nc6 3. Nc3 Nf6 4. Bb5 Bd6 5. d3 h6 6. 0-0 0-0 7. d4 Nxd4 8. Nxd4 exd4 9. Qxd4 Qe7 10. Nd5 Nxd5 11. exd5 Bc5 12. Qd3 d6 13. Bd2 a6 14. Ba4 Qf6 15. Bc3 Qf4 16. Qg3 Qxg3 17. hxg3 b5 18. Bb3 a5 19. a3 a4 20. Ba2 Bf5 21. Rac1 Rfe8 22. Rfe1 Rxe1+ 23. Bxe1 Re8 24. Kf1 Kf8 25. Ba5 Re7 26. Bb1 Ke8 27. c3 Bxb1 28. Rxb1 Kd7 29. Bb4 Re5 30. Rd1 Bb6 31. Rd3 h5 32. Rd1 g6 33. Rd3 Ke7 34. Rd1 Re4 35. f3 Re5 36. Rd2 Re3 37. c4 bxc4 38. Rc2 Rd3 39. Rxc4 Rxd5 40. Be1 Rd4 41. Rc2 d5 42. Bb4+ Kd7 43. Ke2 Rc4 44. Rxc4 dxc4 45. Bc3 Ke6 46. f4 Kd5 0-1

[Event "Marseille op"]
[Site "Marseille"]
[Date "2007.12.27"]
[Round "2"]
[White "Rakotoniaina Balseiro, Erwin"]
[Black "Lamberti, Hugo"]
[Result "0-1"]
[WhiteElo "2000"]
[BlackElo "2070"]
[PlyCount "102"]
[EventDate "2007.12.27"]
[EventType "swiss"]
[EventRounds "9"]
[EventCountry "FRA"]
[SourceTitle "CBM 122 Extra"]
[Source "ChessBase"]
[SourceDate "2008.03.04"]
[SourceVersion "1"]
[SourceVersionDate "2008.03.04"]
[SourceQuality "1"]

1. e4 c5 2. Nf3 Nc6 3. d4 cxd4 4. Nxd4 Nf6 5. Nc3 g6 6. Bf4 Bg7 7. Ndb5 d6 8. Bc4 a6 9. Nd4 Nxd4 10. Qxd4 e5 11. Bxf7+ Kxf7 12. Qe3 exf4 13. Qxf4 Rf8 14. 0-0-0 Kg8 15. e5 Ne8 16. Qc4+ Kh8 17. exd6 b5 18. Qe4 Bf5 19. Qe7 Qxe7 20. dxe7 Rg8 21. Rhe1 Rc8 22. Ne4 Bxe4 23. Rxe4 Nf6 24. Red4 Rc7 25. Re1 Re8 26. g4 Bh6+ 27. f4 Nxg4 28. Rd8 Bxf4+ 29. Kb1 Nf6 30. Re6 Rcxe7 31. Rxe8+ Rxe8 32. Rxe8+ Nxe8 33. c3 Bxh2 34. Kc2 Bd6 35. b4 h5 36. Kd3 h4 37. Ke4 h3 38. Kf3 h2 39. Kg2 Nf6 40. a3 Ng4 41. Kh1 Nf2+ 42. Kg2 h1Q+ 43. Kxf2 Qh3 44. Ke2 Qxc3 45. Kf2 Kg7 46. Ke2 Kf6 47. Kf2 Kf5 48. Ke2 Kf4 49. Kf2 Qd2+ 50. Kf1 Kg3 51. Kg1 Qg2# 0-1

[Event "FRA-ch op-A"]
[Site "Aix les Bains"]
[Date "2007.08.20"]
[Round "7"]
[White "Brethes, Francois"]
[Black "Lamberti, Hugo"]
[Result "1-0"]
[WhiteElo "2180"]
[BlackElo "2080"]
[PlyCount "67"]
[EventDate "2007.08.13"]
[EventType "swiss"]
[EventRounds "11"]
[EventCountry "FRA"]
[SourceTitle "CBM 120 Extra"]
[Source "ChessBase"]
[SourceDate "2007.11.01"]
[SourceVersion "1"]
[SourceVersionDate "2007.11.01"]
[SourceQuality "1"]

1. d4 Nf6 2. Nf3 g6 3. c3 Bg7 4. Bg5 d6 5. Nbd2 Nbd7 6. e4 e5 7. Be2 0-0 8. 0-0 Qe8 9. Qc2 h6 10. Bh4 Nh5 11. Rfe1 Nf4 12. Bf1 g5 13. Bg3 Nb6 14. a4 a5 15. Bb5 Bd7 16. Bxd7 Qxd7 17. Nf1 Nc8 18. Rad1 Qe6 19. Ne3 Ne7 20. dxe5 dxe5 21. Qd2 Rad8 22. Qxd8 Rxd8 23. Rxd8+ Kh7 24. Red1 Qc6 25. R8d7 Nc8 26. Rxf7 Nd6 27. Re7 Kg8 28. Bxf4 gxf4 29. Nf5 Qxa4 30. Rxg7+ Kf8 31. Re1 Nxf5 32. Rxc7 Nd6 33. Nxe5 Qb5 34. Ng6+ 1-0

[Event "FRA-ch U16"]
[Site "Calvi"]
[Date "2005.04.18"]
[Round "2"]
[White "Lamberti, Hugo"]
[Black "Dourerassou, Jonathan"]
[Result "0-1"]
[WhiteElo "2005"]
[BlackElo "2343"]
[PlyCount "40"]
[EventDate "2005.04.??"]
[EventType "swiss"]
[EventRounds "9"]
[EventCountry "FRA"]
[SourceTitle "EXT 2006"]
[Source "ChessBase"]
[SourceDate "2005.11.24"]
[SourceVersion "1"]
[SourceVersionDate "2005.11.24"]
[SourceQuality "1"]

1. e4 c5 2. d3 g6 3. g3 Bg7 4. c3 d5 5. Bg2 e6 6. Qe2 Ne7 7. f4 Nbc6 8. Nf3 b6 9. 0-0 Ba6 10. e5 Qc7 11. Rd1 h6 12. Nbd2 g5 13. Nf1 gxf4 14. Bxf4 Ng6 15. Rac1 Ncxe5 16. Nxe5 Bxe5 17. Bxd5 0-0-0 18. Bxe5 Nxe5 19. Bc4 Bb7 20. Ne3 Bf3 0-1

[Event "FRA-ch U14"]
[Site "Le Grand Bornand"]
[Date "2003.??.??"]
[Round "3.8"]
[White "Heinz, Timothee"]
[Black "Lamberti, Hugo"]
[Result "1/2-1/2"]
[WhiteElo "2084"]
[BlackElo "1900"]
[PlyCount "62"]
[EventDate "2003.??.??"]
[EventType "swiss"]
[EventRounds "9"]
[EventCountry "FRA"]
[SourceTitle "EXT 2004"]
[Source "ChessBase"]
[SourceDate "2003.11.25"]
[SourceVersion "1"]
[SourceVersionDate "2003.11.25"]
[SourceQuality "1"]

1. e4 e6 2. d4 d5 3. Nc3 Nf6 4. e5 Nfd7 5. f4 a6 6. Nf3 c5 7. Be3 Nc6 8. Qd2 b5 9. a3 Bb7 10. g3 c4 11. Bh3 g6 12. 0-0 h6 13. Rf2 Qb6 14. Bg2 h5 15. h3 Be7 16. g4 hxg4 17. hxg4 0-0-0 18. f5 gxf5 19. gxf5 Rdg8 20. f6 Bf8 21. Rd1 Rg6 22. Ne2 b4 23. axb4 Bxb4 24. c3 Bf8 25. Ng5 Nd8 26. Rf3 Rhg8 27. Kf2 Bh6 28. Rg3 Bxg5 29. Rxg5 Rxg5 30. Bxg5 Nxe5 31. Nc1 Ng6 1/2-1/2

[Event "FRA-ch U14"]
[Site "Le Grand Bornand"]
[Date "2003.??.??"]
[Round "5.8"]
[White "Lamberti, Hugo"]
[Black "Genzling, Alain"]
[Result "1/2-1/2"]
[WhiteElo "1900"]
[BlackElo "2042"]
[PlyCount "51"]
[EventDate "2003.??.??"]
[EventType "swiss"]
[EventRounds "9"]
[EventCountry "FRA"]
[SourceTitle "EXT 2004"]
[Source "ChessBase"]
[SourceDate "2003.11.25"]
[SourceVersion "1"]
[SourceVersionDate "2003.11.25"]
[SourceQuality "1"]

1. e4 c5 2. Nf3 Nc6 3. d4 cxd4 4. Nxd4 g6 5. Nc3 Bg7 6. Be3 Nf6 7. f3 Qb6 8. Na4 Qa5+ 9. Nc3 0-0 10. Qd2 a6 11. g4 Ne5 12. Be2 b5 13. Nb3 Qc7 14. a3 Nc4 15. Bxc4 bxc4 16. Nd4 Bb7 17. Bh6 d5 18. Bxg7 Kxg7 19. g5 Nh5 20. Nxd5 Bxd5 21. exd5 Qe5+ 22. Ne2 Qxb2 23. Qc3+ Qxc3+ 24. Nxc3 Rfd8 25. 0-0-0 Rac8 26. Rd4 1/2-1/2

[Event "FRA-ch U14"]
[Site "Hyeres"]
[Date "2002.??.??"]
[Round "4.10"]
[White "Lamberti, Hugo"]
[Black "Ribeiro, Romain"]
[Result "0-1"]
[WhiteElo "1820"]
[BlackElo "2018"]
[PlyCount "69"]
[EventDate "2002.04.05"]
[EventType "swiss"]
[EventRounds "9"]
[EventCountry "FRA"]
[SourceTitle "EXT 2003"]
[Source "ChessBase"]
[SourceDate "2002.11.25"]
[SourceVersion "1"]
[SourceVersionDate "2002.11.25"]
[SourceQuality "1"]

1. e4 c5 2. Nf3 d6 3. d4 cxd4 4. Nxd4 Nf6 5. Nc3 a6 6. Bg5 e6 7. f4 b5 8. a3 Nbd7 9. Qf3 Bb7 10. 0-0-0 Rc8 11. Bd3 Be7 12. Qe2 h6 13. Bh4 Qc7 14. Bf2 Nb6 15. Rhe1 Nfd7 16. g4 Nc5 17. Kb1 Nbd7 18. f5 e5 19. Nf3 Qa5 20. Na2 Na4 21. Qd2 Qxd2 22. Rxd2 Bg5 23. Rde2 Nf6 24. h3 Bf4 25. Nd2 h5 26. Rg1 hxg4 27. hxg4 Nc5 28. g5 Nfd7 29. Nc3 Rh3 30. Bxb5 axb5 31. Nxb5 Ke7 32. g6 f6 33. Bxc5 Nxc5 34. Rge1 Bxd2 35. Rxd2 0-1

[Event "FRA-ch U14"]
[Site "Hyeres"]
[Date "2002.??.??"]
[Round "2.9"]
[White "Lamberti, Hugo"]
[Black "Ricbour, Jeremy"]
[Result "1/2-1/2"]
[WhiteElo "1820"]
[BlackElo "2047"]
[PlyCount "113"]
[EventDate "2002.04.05"]
[EventType "swiss"]
[EventRounds "9"]
[EventCountry "FRA"]
[SourceTitle "EXT 2003"]
[Source "ChessBase"]
[SourceDate "2002.11.25"]
[SourceVersion "1"]
[SourceVersionDate "2002.11.25"]
[SourceQuality "1"]

1. e4 c5 2. Nf3 Nc6 3. d4 cxd4 4. Nxd4 Nf6 5. Nc3 d6 6. Be3 Bd7 7. Be2 Rc8 8. f3 a6 9. Qd2 e6 10. 0-0 Be7 11. f4 0-0 12. Rad1 Qc7 13. h3 Rfd8 14. Nf3 Na5 15. Rfe1 Ne8 16. Bd3 b5 17. Qf2 Nc4 18. Bxc4 Qxc4 19. Rd4 Qc6 20. Red1 Rb8 21. a3 Rdc8 22. Rc1 a5 23. Ne2 b4 24. axb4 Rxb4 25. Rxb4 axb4 26. Ng3 Nf6 27. e5 Ne4 28. Nxe4 Qxe4 29. Nd2 Qd5 30. Nf3 Ba4 31. c3 Qe4 32. Nd2 Qd3 33. c4 Bc2 34. exd6 Bxd6 35. c5 Qxe3 36. Qxe3 Bxc5 37. Qxc5 Rxc5 38. Nb3 Rc4 39. Na5 Rc7 40. Nb3 Kf8 41. Nd4 b3 42. Nxb3 Rc4 43. Na5 Rc7 44. Nb3 Rc4 45. Nd2 Rc6 46. Kf2 Ke7 47. Nf3 Be4 48. Rxc6 Bxc6 49. g3 f6 50. Ke3 Kd6 51. h4 h5 52. Nd4 Bd5 53. Nc2 Kc5 54. Kd3 e5 55. fxe5 fxe5 56. Ne3 e4+ 57. Kc3 1/2-1/2